Industrial biotransformations

Αποθηκεύτηκε σε:
Λεπτομέρειες βιβλιογραφικής εγγραφής
Κύριοι συγγραφείς: Liese, Andreas (Συγγραφέας), Seelbach, Karsten (Συγγραφέας), Wandrey, Christian (Συγγραφέας)
Μορφή: Βιβλίο
Γλώσσα:Αγγλικά
Έκδοση: Weinheim Wiley-VCH 2006
Έκδοση:2a. ed
Θέματα:
Ετικέτες: Προσθήκη ετικέτας
Δεν υπάρχουν, Καταχωρήστε ετικέτα πρώτοι!

MARC

LEADER 00000nam a2200000 a 4500
001 UCI3738
003 CL-VaPUC
008 071123e20060000GW |||||||||||||||||eng|d
020 |a 9783527310012 
082 0 4 |a 660.634  |b LIE  |2 21 
100 |a Liese, Andreas  |e author  |9 525262 
700 0 |a Seelbach, Karsten  |e author  |9 525263 
700 0 |a Wandrey, Christian  |e author  |9 525264 
245 1 0 |a Industrial biotransformations 
250 |a 2a. ed 
300 |a 556 p 
942 |c BK 
945 |d 20071123 00:00:00  |a jtorresc 
260 |a Weinheim  |b Wiley-VCH  |c 2006 
650 0 |a Bioquímica   |9 259492 
650 0 |a Ingeniería bioquímica   |9 260241 
650 0 |a Enzimas  |9 262984 
583 |a last modification  |c 20160920 05:19:02  |k Rodrigo Vera 
999 |c 327856  |d 327854 
952 |0 0  |1 0  |4 0  |6 660_634000000000000_LIE_2006  |7 0  |8 A  |9 411347  |a BIBING  |b BIBING  |d 2019-11-22  |i 439223K  |o 660.634 LIE 2006  |p 439223K  |r 2025-01-20  |w 2019-11-22  |y BK  |k EIB